Oscillations in Finite Quantum Systems (Record no. 6734)

MARC details
000 -LEADER
fixed length control field 01301pam a2200325 a 4500
001 - CONTROL NUMBER
control field 3451629
003 - CONTROL NUMBER IDENTIFIER
control field OSt
005 - DATE AND TIME OF LATEST TRANSACTION
control field 20240426160201.0
008 - FIXED-LENGTH DATA ELEMENTS--GENERAL INFORMATION
fixed length control field 921030s1994 enka b 001 0 eng
010 ## - LIBRARY OF CONGRESS CONTROL NUMBER
LC control number 92040596
020 ## - INTERNATIONAL STANDARD BOOK NUMBER
International Standard Book Number 0521411483 (hardback)
040 ## - CATALOGING SOURCE
Original cataloging agency DLC
Transcribing agency DLC
Modifying agency DLC
082 00 - DEWEY DECIMAL CLASSIFICATION NUMBER
Classification number 530.416 BER 1994
Edition number 20
100 1# - MAIN ENTRY--PERSONAL NAME
Personal name Bertsch, George F.; Broglia, R. A.
9 (RLIN) 13819
245 10 - TITLE STATEMENT
Title Oscillations in Finite Quantum Systems
260 ## - PUBLICATION, DISTRIBUTION, ETC. (IMPRINT)
Place of publication, distribution, etc. Cambridge;
Name of publisher, distributor, etc. Cambridge University Press,
Date of publication, distribution, etc. 1994.
300 ## - PHYSICAL DESCRIPTION
Extent xii, 212 p. :
Other physical details ill. ;
Dimensions 24 cm.
440 #0 - SERIES STATEMENT/ADDED ENTRY--TITLE
Title Cambridge monographs on mathematical physics
9 (RLIN) 13328
504 ## - BIBLIOGRAPHY, ETC. NOTE
Bibliography, etc Includes bibliographical references (p. 205-208) and index.
650 #0 - SUBJECT ADDED ENTRY--TOPICAL TERM
Topical term or geographic name as entry element Oscillations.
9 (RLIN) 13821
650 #0 - SUBJECT ADDED ENTRY--TOPICAL TERM
Topical term or geographic name as entry element Atoms.
9 (RLIN) 11326
650 #0 - SUBJECT ADDED ENTRY--TOPICAL TERM
Topical term or geographic name as entry element Metal crystals.
9 (RLIN) 13822
650 #0 - SUBJECT ADDED ENTRY--TOPICAL TERM
Topical term or geographic name as entry element Nuclear physics.
9 (RLIN) 8014
856 41 - ELECTRONIC LOCATION AND ACCESS
Materials specified Sample text
Uniform Resource Identifier http://www.loc.gov/catdir/samples/cam031/92040596.html
856 42 - ELECTRONIC LOCATION AND ACCESS
Materials specified Publisher description
Uniform Resource Identifier http://www.loc.gov/catdir/description/cam025/92040596.html
856 41 - ELECTRONIC LOCATION AND ACCESS
Materials specified Table of contents
Uniform Resource Identifier http://www.loc.gov/catdir/toc/cam028/92040596.html
906 ## - LOCAL DATA ELEMENT F, LDF (RLIN)
a 7
b cbc
c orignew
d 1
e ocip
f 19
g y-gencatlg
942 ## - ADDED ENTRY ELEMENTS (KOHA)
Source of classification or shelving scheme Dewey Decimal Classification
Koha item type Open Shelf
Holdings
Withdrawn status Lost status Source of classification or shelving scheme Damaged status Not for loan Home library Current library Date acquired Source of acquisition Inventory number Total Checkouts Full call number Barcode Date last seen Koha item type Checked out Date last checked out
    Dewey Decimal Classification     MUST Main Library MUST Main Library 11/03/2020 Purchase 05/24677   530.416 BER 1994 2020-0674 11/03/2020 Open Shelf    
    Dewey Decimal Classification     MUST Main Library MUST Main Library 11/03/2020 Purchase 05/24676 1 530.416 BER 1994 2020-0675 13/02/2025 Open Shelf 12/05/2025 13/02/2025